One Piece - Personnages combattant lors de l'arc Impel Down - Statistiques

Statistiques générales
  • Ce quiz a été pris 941 fois
  • Le résultat moyen est 14 sur 23
Statistiques - réponses
Réponse % Correct
Crocodile
98%
Galdino
96%
Monkey D. Luffy
96%
Bon Clay
95%
Magellan
95%
Baggy
94%
Emporio Ivankov
94%
Daz Bones
93%
Jinbei
87%
Inazuma
84%
Marshall D. Teach
70%
Hannyabal
67%
Minotaurus
56%
Sadi
45%
Minokoala
41%
Minozèbre
40%
Minorhinocéros
33%
Shiliew
31%
Sphinx
26%
Basilic
21%
Bluegoris
9%
Manticores
7%
Puzzle Scorpions
3%
Aucun quiz correspondant
Distribution des résultats
% des personnes avec chaque résultat
Percentile par nombre de réponses
Votre historique - résultats
Vous n’avez pas pris ce quiz